Logo

Description automatically generated
विद्यार्जन
 संसाधन केंद्र, भारतीय प्रौद्योगिकी संस्थान इन्दौर
Learning Resource Center, Indian Institute of Technology Indore

ऑनलाइन सार्वजनिक अभिगम प्रसूची
Online Public Access Catalogue (OPAC)

ইতিহাসের উত্তরাধিকার [৪র্থ সংস্করণ] = Itihaser uttaradhikar [4th ed.] [in Bengali] (Record no. 57095)

MARC details
000 -LEADER
fixed length control field 00727nam a2200181Ia 4500
005 - DATE AND TIME OF LATEST TRANSACTION
control field 20260603120909.0
008 - FIXED-LENGTH DATA ELEMENTS--GENERAL INFORMATION
fixed length control field 260603s9999||||xx |||||||||||||| ||und||
020 ## - INTERNATIONAL STANDARD BOOK NUMBER
International Standard Book Number 8177560751
020 ## - INTERNATIONAL STANDARD BOOK NUMBER
Qualifying information hb
082 ## - DEWEY DECIMAL CLASSIFICATION NUMBER
Classification number 891.44
Item number CHA.4E
100 ## - MAIN ENTRY--PERSONAL NAME
Personal name চট্টোপাধ্যায়, পার্থ = Chattopadhyay, Partha
245 #0 - TITLE STATEMENT
Title ইতিহাসের উত্তরাধিকার [৪র্থ সংস্করণ] = Itihaser uttaradhikar [4th ed.] [in Bengali]
250 ## - EDITION STATEMENT
Edition statement 1st ed. 2000 ; 4th ed. 2012
260 ## - PUBLICATION, DISTRIBUTION, ETC.
Place of publication, distribution, etc. কলকাতা = Kolkata
Name of publisher, distributor, etc. আনন্দ পাবলিশার্স = Ananda Publishers
Date of publication, distribution, etc. 2012
300 ## - PHYSICAL DESCRIPTION
Extent 190p. ; 21cm.
653 ## - INDEX TERM--UNCONTROLLED
Uncontrolled term Bengali Language--Literature
942 ## - ADDED ENTRY ELEMENTS (KOHA)
Koha item type Book
Holdings
Withdrawn status Lost status Damaged status Not for loan Collection code Home library Current library Shelving location Date acquired Source of acquisition Total Checkouts Full call number Barcode Date last seen Price effective from Koha item type
        Matrubhasa Collection LRC, IIT Indore LRC, IIT Indore 3rd Floor - Matrubhasa Collection 03/06/2026 Gratis Book Price: INR 150.00   891.44 CHA.4E MB369 03/06/2026 03/06/2026 Matrubhasa Collection
Copyright © 2017-2026 Indian Institute of Technology Indore. All Rights Reserved.
Managed & maintained by Learning Resource Center, IIT Indore